Compensation theory and practice /

This book is about: Compensation theory; Compensation practice; ...

保存先:
書誌詳細
第一著者: Wallace, Marc J., 1944-
その他の著者: Fay, Charles H.
フォーマット: 図書
言語:English
出版事項: Boston, Mass. : PWS-Kent, 1988.
版:2nd ed.
主題:
タグ: タグ追加
タグなし, このレコードへの初めてのタグを付けませんか!
Thư viện lưu trữ: Mạng thư viện Đại học Đà Nẵng
LEADER 00983cam a2200361 i 4500
001 000048291
003 8002
005 20030312160110.0
008 010321|1988 vm 000 eng
020 |a 0534871984 
040 |a IRC  |c IRC  |d IRC 
041 0 |a eng 
082 1 4 |a 658.32  |b WA-M 
100 1 |a Wallace, Marc J.,  |d 1944- 
245 0 0 |a Compensation theory and practice /  |c Marc J. Wallace, Charles H. Fay. 
250 |a 2nd ed. 
260 |a Boston, Mass. :  |b PWS-Kent,  |c 1988. 
300 |a xii, 423 p. :  |b ill. ;  |c 21cm. 
520 3 |a This book is about: Compensation theory; Compensation practice; ... 
630 0 4 |a Management. 
630 0 4 |a Compensation. 
650 0 4 |a Compensation management. 
700 1 |a Fay, Charles H. 
OWN |a DUT 
999 |a From the UDN01 
TYP |a Monograph 
TYP |a Printed language 
980 |a Mạng thư viện Đại học Đà Nẵng